000 00559nam a22002057a 4500
003 KOHA_MİRAKIL
005 20260331122855.0
008 260331b tu ||||| |||| 00| 0 tur d
020 _a978975350165
040 _aTR-AnABB
_btur
_cTR-AnABB
041 _atur
082 _a813.42
_bAYG 2006
100 1 _aAygen, Ayten
245 1 0 _aNart'ın prensleri /
_cAyten Aygen
260 _aİstanbul :
_bŞehir Yayınları,
_c2006
300 _a207 sayfa ;
_c20 cm
500 _aYazar imzalı
650 0 4 _aTürk edebiyatı, roman
942 _2ddc
_cBK
999 _c10127
_d10127
900 _bCan ÇELIK